| 000 | 00346 a2200157 4500 | ||
|---|---|---|---|
| 001 | 48233 | ||
| 020 | _a9788599993736 | ||
| 040 | _cAnchieta - Aquarius | ||
| 100 | _aPeixe, Marcos | ||
| 240 | 1 | 0 |
_aO que a gente faz? _lpor |
| 245 | 1 | 0 | _aO que a gente faz? |
| 300 | _a41 | ||
| 362 | 0 | _a2017 | |
| 650 | 4 | _aLiteratura infanto-juvenil | |
| 942 | _cBK | ||
| 999 |
_c48233 _d48233 |
||